[Event "Milan Crespi op-A 29th"]
[Site "Milan"]
[Date "2008.12.09"]
[Round "5"]
[White "Miatello, Alberto"]
[Black "Barlocco, Carlo"]
[Result "0-1"]
[WhiteElo "2007"]
[BlackElo "2144"]
[PlyCount "80"]
[EventDate "2008.12.06"]
[EventType "swiss"]
[EventRounds "9"]
[EventCountry "ITA"]
[SourceTitle "CBM 130 Extra"]
[Source "ChessBase"]
[SourceDate "2009.07.02"]
[SourceVersion "2"]
[SourceVersionDate "2009.07.15"]
[SourceQuality "1"]

1. e4 Nf6 2. e5 Nd5 3. c4 Nb6 4. b3 d6 5. exd6 Qxd6 6. d4 Qg6 7. Nf3 Nc6 8. d5 Qf6 9. dxc6 Qxa1 10. Qc2 Qf6 11. Bg5 Qxc6 12. Bd3 Bg4 13. Be4 Qd6 14. 0-0 Bxf3 15. Bxf3 Qg6 16. Qxg6 hxg6 17. Bxb7 Rd8 18. Bc6+ Nd7 19. Rd1 f6 20. Be3 a6 21. Nc3 e6 22. c5 Ke7 23. Bb7 Nb8 24. c6 Rxd1+ 25. Nxd1 Kd6 26. Nc3 f5 27. f4 Be7 28. Bc1 e5 29. fxe5+ Kxe5 30. g3 g5 31. Ne2 Rd8 32. Be3 Rd5 33. Kg2 Rd8 34. h4 Ke4 35. Bxg5 Bxg5 36. hxg5 Rd2 37. Kf1 Kf3 38. Ng1+ Kxg3 39. Ne2+ Kf3 40. Ng1+ Ke3 0-1

[Event "Milan Crespi op-A 29th"]
[Site "Milan"]
[Date "2008.12.06"]
[Round "1"]
[White "Miatello, Alberto"]
[Black "Rettore, Ludwig"]
[Result "0-1"]
[WhiteElo "2007"]
[BlackElo "2171"]
[PlyCount "70"]
[EventDate "2008.12.06"]
[EventType "swiss"]
[EventRounds "9"]
[EventCountry "ITA"]
[SourceTitle "CBM 130 Extra"]
[Source "ChessBase"]
[SourceDate "2009.07.02"]
[SourceVersion "2"]
[SourceVersionDate "2009.07.15"]
[SourceQuality "1"]

1. e4 e5 2. Nf3 Nc6 3. Be2 Nf6 4. d4 exd4 5. e5 Nd5 6. c3 d6 7. cxd4 dxe5 8. dxe5 Bb4+ 9. Bd2 0-0 10. 0-0 Bxd2 11. Qxd2 Bg4 12. Nc3 Nxc3 13. Qxc3 Qe7 14. Rfe1 Rad8 15. h3 Bh5 16. g4 Bg6 17. Bb5 Nb4 18. Nd4 Rxd4 19. Qxd4 Nc2 20. Qc3 Nxa1 21. Rxa1 a6 22. Bf1 Be4 23. Re1 Bd5 24. Bc4 c6 25. Bxd5 cxd5 26. Qd4 Rd8 27. Rc1 h5 28. Kg2 hxg4 29. hxg4 Qe6 30. Kg3 Re8 31. f4 g5 32. Re1 gxf4+ 33. Kxf4 f6 34. Re3 fxe5+ 35. Rxe5 Qf6+ 0-1

[Event "Geneve op 24th"]
[Site "Geneve"]
[Date "2008.01.20"]
[Round "2"]
[White "Kohler, Paul"]
[Black "Miatello, Alberto"]
[Result "1-0"]
[WhiteElo "1883"]
[BlackElo "2041"]
[PlyCount "71"]
[EventDate "2008.01.19"]
[EventType "swiss"]
[EventRounds "9"]
[EventCountry "SUI"]
[SourceTitle "CBM 122 Extra"]
[Source "ChessBase"]
[SourceDate "2008.03.04"]
[SourceVersion "1"]
[SourceVersionDate "2008.03.04"]
[SourceQuality "1"]

1. Nf3 Nf6 2. c4 g6 3. b4 Bg7 4. Bb2 0-0 5. g3 d5 6. cxd5 Nxd5 7. Bxg7 Kxg7 8. Qb3 a5 9. b5 c6 10. Na3 cxb5 11. Nxb5 Nc6 12. Bg2 a4 13. Qb2+ f6 14. 0-0 e5 15. Rfc1 Be6 16. Rab1 Qe7 17. a3 Rfc8 18. d3 Na5 19. e4 Nc7 20. Nxe5 Nxb5 21. Qxb5 Rxc1+ 22. Rxc1 fxe5 23. Qxe5+ Qf6 24. Qc7+ Kg8 25. Qb6 Ra6 26. Qb5 Qf8 27. Rc3 Ra8 28. d4 Bb3 29. e5 Qxa3 30. Bd5+ Kh8 31. Rf3 Qa1+ 32. Kg2 Bxd5 33. Qxd5 Nc6 34. Qd6 Kg8 35. Qe6+ Kh8 36. Rf7 1-0

[Event "Bratto op-A 27th"]
[Site "Bratto"]
[Date "2007.08.29"]
[Round "7"]
[White "Miatello, Alberto"]
[Black "Bonazzi, Edoardo"]
[Result "0-1"]
[WhiteElo "2062"]
[BlackElo "2185"]
[PlyCount "74"]
[EventDate "2007.08.23"]
[EventType "swiss"]
[EventRounds "9"]
[EventCountry "ITA"]
[SourceTitle "CBM 120 Extra"]
[Source "ChessBase"]
[SourceDate "2007.11.01"]
[SourceVersion "1"]
[SourceVersionDate "2007.11.01"]
[SourceQuality "1"]

1. e4 c5 2. Nf3 Nc6 3. d4 cxd4 4. c3 dxc3 5. Nxc3 d6 6. Bc4 e6 7. Qe2 a6 8. 0-0 b5 9. Bb3 Ra7 10. Bf4 Be7 11. Rfd1 Rd7 12. Rac1 Bb7 13. Bg3 h6 14. Nd4 Nxd4 15. Rxd4 Nf6 16. Rcd1 0-0 17. a3 Bc6 18. Bc2 Qc7 19. e5 dxe5 20. Bxe5 Qb7 21. Bxf6 Bxf6 22. Qd3 Rfd8 23. Qh7+ Kf8 24. Rxd7 Rxd7 25. Re1 Bxc3 26. bxc3 Rd5 27. Be4 Re5 28. Qh8+ Ke7 29. Rd1 Bd5 30. f3 Qb6+ 31. Kh1 Kf6 32. Rd4 Bxe4 33. fxe4 Qc7 34. h3 Rc5 35. Rd1 Rxc3 36. Rf1+ Kg6 37. Qa8 Rc1 0-1

[Event "Bratto op-A 27th"]
[Site "Bratto"]
[Date "2007.08.27"]
[Round "5"]
[White "Miatello, Alberto"]
[Black "Moncelli, Giorgio"]
[Result "1/2-1/2"]
[WhiteElo "2062"]
[BlackElo "2147"]
[PlyCount "92"]
[EventDate "2007.08.23"]
[EventType "swiss"]
[EventRounds "9"]
[EventCountry "ITA"]
[SourceTitle "CBM 120 Extra"]
[Source "ChessBase"]
[SourceDate "2007.11.01"]
[SourceVersion "1"]
[SourceVersionDate "2007.11.01"]
[SourceQuality "1"]

1. e4 e5 2. Nf3 Nf6 3. Nxe5 d6 4. Nc4 Nxe4 5. d4 d5 6. Ne3 Be7 7. Nd2 Nf6 8. Bd3 0-0 9. 0-0 c5 10. dxc5 Bxc5 11. Nb3 Bb6 12. a4 Nc6 13. c3 Re8 14. Bb5 a6 15. Bxc6 bxc6 16. a5 Bc7 17. Nd4 Qd6 18. f4 Ne4 19. Qf3 g6 20. Ng4 c5 21. f5 Rf8 22. Qh3 cxd4 23. Bf4 Qxf4 24. Rxf4 Bxf4 25. Rf1 Bg5 26. cxd4 Bxf5 27. Nh6+ Bxh6 28. Qxh6 Be6 29. Rf4 Rfc8 30. h3 f5 31. h4 Nf6 32. Qg5 Kg7 33. Rf1 Rc2 34. h5 Rb8 35. h6+ Kf7 36. g4 Ne4 37. Qf4 Rbxb2 38. Rf3 Rb1+ 39. Rf1 Rxf1+ 40. Qxf1 Rc4 41. Qb1 Bc8 42. gxf5 gxf5 43. Qb6 Rc1+ 44. Kh2 Rc2+ 45. Kg1 Rc1+ 46. Kh2 Rc2+ 1/2-1/2

[Event "Bratto op-A 27th"]
[Site "Bratto"]
[Date "2007.08.24"]
[Round "2"]
[White "Bove, Alessandro"]
[Black "Miatello, Alberto"]
[Result "1-0"]
[WhiteElo "2173"]
[BlackElo "2062"]
[PlyCount "85"]
[EventDate "2007.08.23"]
[EventType "swiss"]
[EventRounds "9"]
[EventCountry "ITA"]
[SourceTitle "CBM 120 Extra"]
[Source "ChessBase"]
[SourceDate "2007.11.01"]
[SourceVersion "1"]
[SourceVersionDate "2007.11.01"]
[SourceQuality "1"]

1. d4 Nf6 2. c4 g6 3. Nc3 Bg7 4. e4 d6 5. Nf3 0-0 6. Be2 e5 7. 0-0 Nbd7 8. dxe5 dxe5 9. Be3 c6 10. h3 Qe7 11. Qc2 Ne8 12. Rfe1 Nc7 13. a3 Ne6 14. Rad1 f5 15. b4 f4 16. Bc1 Nd4 17. Qa2 a5 18. Qb1 axb4 19. axb4 Nb6 20. c5 Nxe2+ 21. Rxe2 Nc4 22. Qb3 Be6 23. Nd5 cxd5 24. exd5 Ne3 25. fxe3 e4 26. exf4 exf3 27. Qxf3 Bxd5 28. Qxd5+ Qf7 29. Bb2 Qxd5 30. Rxd5 Bxb2 31. Rxb2 Rxf4 32. Rd7 Ra1+ 33. Kh2 Rf7 34. Rbd2 Raf1 35. b5 R7f5 36. Rxb7 Rxc5 37. Rd8+ Rf8 38. Rdd7 Rh5 39. b6 Rc8 40. Rbc7 Re8 41. b7 Rb5 42. Rc8 Kf8 43. Rdd8 1-0

[Event "Bratto op-A 27th"]
[Site "Bratto"]
[Date "2007.08.23"]
[Round "1"]
[White "Miatello, Alberto"]
[Black "Erturan, Yakup"]
[Result "0-1"]
[WhiteElo "2062"]
[BlackElo "2389"]
[PlyCount "74"]
[EventDate "2007.08.23"]
[EventType "swiss"]
[EventRounds "9"]
[EventCountry "ITA"]
[SourceTitle "CBM 120 Extra"]
[Source "ChessBase"]
[SourceDate "2007.11.01"]
[SourceVersion "1"]
[SourceVersionDate "2007.11.01"]
[SourceQuality "1"]

1. e4 c5 2. Nf3 d6 3. d4 cxd4 4. Nxd4 Nf6 5. Nc3 Nc6 6. Bg5 Bd7 7. Be2 Qa5 8. Bxf6 gxf6 9. 0-0 Bg7 10. Nb3 Qd8 11. Kh1 f5 12. exf5 Bxf5 13. Bd3 Qd7 14. Qf3 Bg6 15. Qg3 0-0 16. f4 f5 17. Bc4+ Bf7 18. Bd3 Kh8 19. Qh3 Bg6 20. Rf3 e6 21. Rd1 Qf7 22. Be2 Rad8 23. Rfd3 d5 24. a3 Qc7 25. g3 d4 26. Nb5 Qb6 27. a4 a6 28. Na3 Nb4 29. a5 Nxd3 30. Rxd3 Qc7 31. Rd1 e5 32. fxe5 Qxe5 33. Qg2 f4 34. Nc4 Qe7 35. Bd3 Bxd3 36. Rxd3 Qe1+ 37. Qg1 Qe4+ 0-1

[Event "EU Union-ch 3rd"]
[Site "Arvier"]
[Date "2007.06.23"]
[Round "9"]
[White "Miatello, Alberto"]
[Black "Bashkite, Viktoria"]
[Result "0-1"]
[WhiteElo "2062"]
[BlackElo "2202"]
[PlyCount "74"]
[EventDate "2007.06.15"]
[EventType "swiss"]
[EventRounds "10"]
[EventCountry "ITA"]
[SourceTitle "CBM 118 Extra"]
[Source "ChessBase"]
[SourceDate "2007.07.04"]
[SourceVersion "1"]
[SourceVersionDate "2007.07.04"]
[SourceQuality "1"]

1. e4 d5 2. exd5 Qxd5 3. Nc3 Qd6 4. d4 Nf6 5. Nge2 a6 6. Bf4 Qc6 7. Qd3 b5 8. d5 Qb6 9. Be3 Qa5 10. Nc1 c6 11. Nb3 Qc7 12. a3 g6 13. Bd4 Bg7 14. 0-0-0 Bf5 15. Qd2 0-0 16. Bd3 Bxd3 17. Qxd3 Rd8 18. h4 cxd5 19. Bxf6 Qf4+ 20. Rd2 Qxf6 21. g4 e6 22. g5 Qf4 23. Ne2 Qd6 24. h5 Nc6 25. hxg6 hxg6 26. Qh3 Qe5 27. Qh7+ Kf8 28. f4 Qxb2+ 29. Kd1 d4 30. f5 exf5 31. Nf4 Ne5 32. Nc5 Re8 33. Ncd3 Qa1+ 34. Nc1 d3 35. c3 Qxc3 36. Nd5 Qc6 37. Nf6 Qf3+ 0-1

[Event "EU Union-ch 3rd"]
[Site "Arvier"]
[Date "2007.06.16"]
[Round "2"]
[White "Miatello, Alberto"]
[Black "Testa, Adriano"]
[Result "0-1"]
[WhiteElo "2062"]
[BlackElo "1907"]
[PlyCount "92"]
[EventDate "2007.06.15"]
[EventType "swiss"]
[EventRounds "10"]
[EventCountry "ITA"]
[SourceTitle "CBM 118 Extra"]
[Source "ChessBase"]
[SourceDate "2007.07.04"]
[SourceVersion "1"]
[SourceVersionDate "2007.07.04"]
[SourceQuality "1"]

1. e4 e5 2. Nf3 Nc6 3. Be2 Nf6 4. d4 exd4 5. e5 Ng4 6. 0-0 Ngxe5 7. Nxe5 Nxe5 8. Qxd4 Nc6 9. Qc3 Qf6 10. Qxf6 gxf6 11. Nc3 Nd4 12. Bd3 c6 13. Ne4 Be7 14. c3 Ne6 15. Bh6 d5 16. Ng3 Kd7 17. c4 d4 18. Bf5 Kc7 19. Rfd1 c5 20. Re1 Bd7 21. Nh5 Rhg8 22. Nf4 Kd6 23. Re2 Bf8 24. Bxf8+ Raxf8 25. Nd5 Bc6 26. Bxh7 Rg7 27. Be4 Bxd5 28. cxd5 Nf4 29. Rd2 Re8 30. Bf3 Nxd5 31. a3 b6 32. b4 Rg5 33. bxc5+ bxc5 34. h4 Rge5 35. Kf1 Rb8 36. g3 Rf5 37. Be4 Re5 38. Bd3 Rb3 39. Kg2 Rc3 40. Bh7 Nb6 41. a4 Nc4 42. Rd3 Rxd3 43. Bxd3 Nb2 44. Bh7 c4 45. Bg8 Ke7 46. f4 Rh5 0-1

[Event "Verona op 13th"]
[Site "Verona"]
[Date "2007.01.04"]
[Round "3"]
[White "Tommasi, Daniele"]
[Black "Miatello, Alberto"]
[Result "1/2-1/2"]
[WhiteElo "2204"]
[BlackElo "2057"]
[PlyCount "138"]
[EventDate "2007.01.03"]
[EventType "swiss"]
[EventRounds "7"]
[EventCountry "ITA"]
[SourceTitle "CBM 116 Extra"]
[Source "ChessBase"]
[SourceDate "2007.03.07"]
[SourceVersion "1"]
[SourceVersionDate "2007.03.07"]
[SourceQuality "1"]

1. e4 c5 2. Nf3 e6 3. d4 cxd4 4. Nxd4 Nc6 5. Nc3 a6 6. Be2 Qc7 7. Be3 b5 8. Nxc6 Qxc6 9. Bf3 Bb7 10. e5 Qc7 11. Bxb7 Qxb7 12. 0-0 Ne7 13. Qd3 Nf5 14. a4 b4 15. Ne4 Rc8 16. c4 Be7 17. b3 0-0 18. Bf4 Nh4 19. Bg3 Ng6 20. Rad1 Rcd8 21. Nd6 Qc6 22. Qe2 f5 23. exf6 gxf6 24. h4 f5 25. h5 Nh4 26. Bxh4 Bxh4 27. h6 Rf6 28. Rd3 Rg6 29. Qf3 Qxf3 30. Rxf3 Be7 31. Rd1 Rb8 32. Rh3 Bf8 33. c5 Bxh6 34. Nc4 Bg7 35. Rxd7 Rc8 36. Rhd3 Rxc5 37. Kf1 f4 38. R3d6 a5 39. Ra7 Rgg5 40. Rxe6 Rgd5 41. Re8+ Bf8 42. Raa8 Rf5 43. f3 Kg7 44. Ke2 Rcd5 45. Rad8 Rc5 46. Kd3 h5 47. Ke4 Rf6 48. Rd7+ Kg8 49. Rd5 Rxd5 50. Kxd5 Rf5+ 51. Kc6 Rg5 52. Re2 h4 53. Kb6 Bc5+ 54. Kc6 Be3 55. Kd6 Rg3 56. Nxe3 fxe3 57. Ke5 h3 58. gxh3 Rxf3 59. Ke4 Rxh3 60. Rxe3 Rh4+ 61. Kd5 Rh5+ 62. Kc6 Kf7 63. Kd6 Rh6+ 64. Kd7 Ra6 65. Rf3+ Kg6 66. Kc7 Re6 67. Kd7 Ra6 68. Rd3 Kf5 69. Re3 Kf4 1/2-1/2

[Event "Bratto op 26th"]
[Site "Bratto"]
[Date "2006.08.24"]
[Round "6"]
[White "Piantoni, Roberto"]
[Black "Miatello, Alberto"]
[Result "1-0"]
[WhiteElo "2160"]
[BlackElo "2082"]
[PlyCount "71"]
[EventDate "2006.08.19"]
[EventType "swiss"]
[EventRounds "9"]
[EventCountry "ITA"]
[SourceTitle "CBM 113 Extra"]
[Source "ChessBase"]
[SourceDate "2006.09.14"]
[SourceVersion "1"]
[SourceVersionDate "2006.09.14"]
[SourceQuality "1"]

1. Nf3 Nf6 2. d4 g6 3. Bf4 Bg7 4. e3 0-0 5. h3 d6 6. Be2 Nbd7 7. Bh2 Re8 8. 0-0 b6 9. c4 Bb7 10. Nc3 e5 11. Rc1 exd4 12. Nxd4 Nc5 13. Bf3 Nfe4 14. Nd5 f5 15. b4 Ne6 16. Nxe6 Rxe6 17. c5 bxc5 18. bxc5 Be5 19. Bxe4 Bxh2+ 20. Kxh2 Rxe4 21. Qb3 Bxd5 22. Qxd5+ Kh8 23. Rfd1 Re5 24. Qd4 Qf6 25. cxd6 cxd6 26. Rc7 Re6 27. Rxa7 Rxa7 28. Qxa7 f4 29. exf4 Qxf4+ 30. g3 Qf5 31. Rd2 Qc5 32. Qf7 Qf5 33. Qc7 Qe5 34. a4 Qe1 35. Rb2 Re2 36. Qf7 1-0

[Event "Bratto op 25th"]
[Site "Bratto"]
[Date "2005.08.22"]
[Round "3"]
[White "Miatello, Alberto"]
[Black "Guido, Flavio"]
[Result "0-1"]
[WhiteElo "2095"]
[BlackElo "2305"]
[PlyCount "60"]
[EventDate "2005.08.20"]
[EventType "swiss"]
[EventRounds "9"]
[EventCountry "ITA"]
[SourceTitle "CBM 108 Extra"]
[Source "ChessBase"]
[SourceDate "2005.11.04"]
[SourceVersion "1"]
[SourceVersionDate "2005.11.04"]
[SourceQuality "1"]

1. e4 c5 2. Nf3 e6 3. d4 cxd4 4. Nxd4 Nf6 5. Nc3 d6 6. Be2 a6 7. a4 Be7 8. 0-0 0-0 9. Be3 Qc7 10. f4 Nc6 11. Kh1 Re8 12. Nxc6 bxc6 13. a5 c5 14. Bf3 Rb8 15. Na4 Bb7 16. e5 dxe5 17. Bxb7 Rxb7 18. Qf3 e4 19. Qe2 Qc6 20. c3 Nd5 21. f5 Bf8 22. Bg1 exf5 23. Rxf5 g6 24. Rff1 Bd6 25. Qc4 e3 26. b4 e2 27. Nxc5 exf1Q 28. Rxf1 Bxc5 29. bxc5 Ne3 30. Bxe3 Rxe3 0-1

[Event "Bratto op 25th"]
[Site "Bratto"]
[Date "2005.08.21"]
[Round "2"]
[White "Defend, Guerrino"]
[Black "Miatello, Alberto"]
[Result "0-1"]
[WhiteElo "2000"]
[BlackElo "2095"]
[PlyCount "78"]
[EventDate "2005.08.20"]
[EventType "swiss"]
[EventRounds "9"]
[EventCountry "ITA"]
[SourceTitle "CBM 108 Extra"]
[Source "ChessBase"]
[SourceDate "2005.11.04"]
[SourceVersion "1"]
[SourceVersionDate "2005.11.04"]
[SourceQuality "1"]

1. d4 Nf6 2. Nf3 g6 3. Bf4 Bg7 4. e3 0-0 5. h3 d6 6. Be2 Nbd7 7. 0-0 Re8 8. Bh2 b6 9. c4 Bb7 10. Nc3 e5 11. Re1 e4 12. Nd2 a6 13. Qc2 Qe7 14. b4 c5 15. bxc5 bxc5 16. d5 h5 17. Rab1 Rab8 18. a4 Nf8 19. a5 N8h7 20. Rb6 Rbd8 21. Reb1 Bc8 22. Rb8 Nd7 23. R8b3 f5 24. Na4 Be5 25. Bxe5 Qxe5 26. Nb6 Nxb6 27. Rxb6 f4 28. Nf1 Rf8 29. f3 Qg5 30. Kh1 fxe3 31. Re1 Bxh3 32. Bd1 Bf5 33. Nxe3 Qh4+ 34. Kg1 Qxe1+ 35. Nf1 exf3 36. Qd2 f2+ 37. Qxf2 Qxd1 38. Qg3 Bd3 39. Rxd6 Rxf1+ 0-1

[Event "Bratto op 25th"]
[Site "Bratto"]
[Date "2005.08.20"]
[Round "1"]
[White "Miatello, Alberto"]
[Black "Gromovs, Sergejs"]
[Result "0-1"]
[WhiteElo "2095"]
[BlackElo "2375"]
[PlyCount "58"]
[EventDate "2005.08.20"]
[EventType "swiss"]
[EventRounds "9"]
[EventCountry "ITA"]
[SourceTitle "CBM 108 Extra"]
[Source "ChessBase"]
[SourceDate "2005.11.04"]
[SourceVersion "1"]
[SourceVersionDate "2005.11.04"]
[SourceQuality "1"]

1. e4 c5 2. Nf3 d6 3. d4 cxd4 4. Nxd4 Nf6 5. Nc3 a6 6. Bc4 e6 7. Bb3 Nbd7 8. Bg5 Nc5 9. Qe2 Be7 10. Bxf6 Bxf6 11. Rd1 Nxb3 12. axb3 0-0 13. 0-0 b5 14. b4 Bb7 15. Nb3 Rc8 16. Na5 Ba8 17. Rd3 Qc7 18. Rfd1 Rfd8 19. f4 Be7 20. f5 d5 21. Qg4 dxe4 22. Nxe4 Rxd3 23. cxd3 exf5 24. Qxf5 Bxb4 25. Nb3 Qb6+ 26. Kh1 Qe6 27. Qxe6 fxe6 28. Nd4 Bxe4 29. dxe4 Rd8 0-1

[Event "Verona op 11th"]
[Site "Verona"]
[Date "2005.01.05"]
[Round "5"]
[White "D'Innocente, Stefano"]
[Black "Miatello, Alberto"]
[Result "1-0"]
[WhiteElo "2236"]
[BlackElo "2087"]
[PlyCount "55"]
[EventDate "2005.01.??"]
[EventType "swiss"]
[EventRounds "9"]
[EventCountry "ITA"]
[SourceTitle "CBM 104 Extra"]
[Source "ChessBase"]
[SourceDate "2005.03.01"]
[SourceVersion "1"]
[SourceVersionDate "2005.03.01"]
[SourceQuality "1"]

1. e4 c5 2. Nf3 e6 3. d4 cxd4 4. Nxd4 Nc6 5. Nb5 a6 6. Nd6+ Bxd6 7. Qxd6 Qe7 8. Qd1 Nf6 9. Nc3 d5 10. exd5 exd5+ 11. Be2 Be6 12. 0-0 d4 13. Nb1 0-0-0 14. Bg5 h6 15. Bxf6 Qxf6 16. Nd2 h5 17. Bd3 Ne5 18. Ne4 Qe7 19. Qd2 h4 20. f3 Rh5 21. b4 Nc4 22. Bxc4 Bxc4 23. Rfe1 f5 24. Ng3 Qf7 25. Nxh5 Qxh5 26. Qf4 Rd7 27. Re5 Rf7 28. Rc5+ 1-0

[Event "Verona op 11th"]
[Site "Verona"]
[Date "2005.01.02"]
[Round "1"]
[White "Miatello, Alberto"]
[Black "Buchicchio, Giampaolo"]
[Result "0-1"]
[WhiteElo "2087"]
[BlackElo "2315"]
[PlyCount "68"]
[EventDate "2005.01.??"]
[EventType "swiss"]
[EventRounds "9"]
[EventCountry "ITA"]
[SourceTitle "CBM 104 Extra"]
[Source "ChessBase"]
[SourceDate "2005.03.01"]
[SourceVersion "1"]
[SourceVersionDate "2005.03.01"]
[SourceQuality "1"]

1. e4 c5 2. Nf3 Nc6 3. d4 cxd4 4. Nxd4 Nf6 5. Nc3 e5 6. Ndb5 d6 7. Nd5 Nxd5 8. exd5 Nb8 9. c4 a6 10. Qa4 Bd7 11. Qa3 Bf5 12. Bd2 h5 13. c5 dxc5 14. d6 Bxd6 15. Nxd6+ Qxd6 16. Be3 Nd7 17. Bb5 b6 18. Rd1 Qc7 19. Qa4 Ra7 20. Bxa6 b5 21. Qxb5 0-0 22. 0-0 Rfa8 23. b4 Rxa6 24. bxc5 Ra5 25. Qe2 Nxc5 26. Qxh5 Bg6 27. Qg4 Nd3 28. h4 e4 29. Rd2 Qd6 30. Rc1 f5 31. Qg5 f4 32. Bxf4 Qxf4 33. Qxg6 Qxd2 34. Rc7 Qxf2+ 0-1

[Event "Aosta op 12th"]
[Site "Saint Vincent"]
[Date "2004.02.09"]
[Round "3"]
[White "Lanzani, Mario"]
[Black "Miatello, Alberto"]
[Result "1-0"]
[WhiteElo "2352"]
[BlackElo "2074"]
[PlyCount "59"]
[EventDate "2004.02.08"]
[EventType "swiss"]
[EventRounds "9"]
[EventCountry "ITA"]
[SourceTitle "CBM 098 Extra"]
[Source "ChessBase"]
[SourceDate "2004.03.10"]
[SourceVersion "2"]
[SourceVersionDate "2004.03.10"]
[SourceQuality "1"]

1. e4 c5 2. Nf3 e6 3. d4 cxd4 4. Nxd4 Nc6 5. Nc3 a6 6. Nxc6 bxc6 7. Bd3 d5 8. 0-0 Nf6 9. Re1 Be7 10. e5 Nd7 11. Qg4 Kf8 12. Na4 h5 13. Qe2 Nc5 14. Nxc5 Bxc5 15. Be3 Qb6 16. Bxc5+ Qxc5 17. c4 d4 18. a3 Rh6 19. b4 Qb6 20. c5 Qd8 21. Rad1 f5 22. Bc4 Ra7 23. Rd3 g5 24. Qd2 Rd7 25. Rd1 f4 26. Rxd4 Rhh7 27. Rd6 Rxd6 28. Qxd6+ Qxd6 29. Rxd6 a5 30. Rd8+ 1-0

[Event "Arco op 25th"]
[Site "Arco"]
[Date "2003.10.21"]
[Round "4"]
[White "Medancic, Rikard"]
[Black "Miatello, Alberto"]
[Result "1-0"]
[WhiteElo "2275"]
[BlackElo "2046"]
[PlyCount "78"]
[EventDate "2003.10.18"]
[EventType "swiss"]
[EventRounds "9"]
[EventCountry "ITA"]
[SourceTitle "EXT 2004"]
[Source "ChessBase"]
[SourceDate "2003.11.25"]
[SourceVersion "1"]
[SourceVersionDate "2003.11.25"]
[SourceQuality "1"]

1. d4 Nf6 2. Nf3 g6 3. Bg5 Bg7 4. Nbd2 d5 5. c4 c6 6. e3 Nbd7 7. h3 0-0 8. Be2 Re8 9. cxd5 cxd5 10. 0-0 e5 11. dxe5 Nxe5 12. Nxe5 Rxe5 13. Nf3 Re8 14. Bb5 Rf8 15. Qb3 h6 16. Bf4 Qb6 17. Be5 a6 18. Bc4 Qa5 19. Be2 Ne4 20. Bxg7 Kxg7 21. Rfd1 Be6 22. Nd4 Nc5 23. Qc2 Rac8 24. Bf3 Ne4 25. Qd3 Ng5 26. Be2 Qd8 27. Nf3 Ne4 28. Rac1 Qf6 29. Qd4 g5 30. Qxf6+ Kxf6 31. Nd4 Ke7 32. Kf1 f5 33. Ke1 Bd7 34. f3 Nd6 35. b3 h5 36. Bd3 g4 37. Ne2 gxh3 38. gxh3 Bc6 39. Nf4 Rh8 1-0

[Event "Arco op 25th"]
[Site "Arco"]
[Date "2003.10.18"]
[Round "1"]
[White "Miatello, Alberto"]
[Black "Isonzo, Davide"]
[Result "1-0"]
[WhiteElo "2046"]
[BlackElo "2349"]
[PlyCount "75"]
[EventDate "2003.10.18"]
[EventType "swiss"]
[EventRounds "9"]
[EventCountry "ITA"]
[SourceTitle "EXT 2004"]
[Source "ChessBase"]
[SourceDate "2003.11.25"]
[SourceVersion "1"]
[SourceVersionDate "2003.11.25"]
[SourceQuality "1"]

1. e4 c5 2. Nf3 d6 3. d4 cxd4 4. Nxd4 Nf6 5. Nc3 a6 6. Bc4 e6 7. Bb3 Be7 8. f4 Nc6 9. Be3 0-0 10. Qf3 Qc7 11. f5 Ne5 12. Qh3 exf5 13. exf5 Nc4 14. Bxc4 Qxc4 15. g4 Nd5 16. Nxd5 Qxd5 17. 0-0 b5 18. Rad1 Bb7 19. g5 Rac8 20. f6 Bd8 21. Rd2 Re8 22. Nf5 Qh1+ 23. Kf2 Qc6 24. Bd4 Re4 25. Kg3 Qe8 26. g6 hxg6 27. fxg7 Bh4+ 28. Nxh4 Rxd4 29. Rxd4 Qe5+ 30. Rdf4 g5 31. Nf5 gxf4+ 32. Rxf4 Qe1+ 33. Kg4 Qg1+ 34. Kh5 Qg6+ 35. Kh4 Qh7+ 36. Kg3 Qg6+ 37. Rg4 Qf6 38. Qh8# 1-0

[Event "Vicenza op 6th"]
[Site "Vicenza"]
[Date "2002.10.??"]
[Round "2"]
[White "Logallo, Claudio"]
[Black "Miatello, Alberto"]
[Result "1/2-1/2"]
[WhiteElo "1795"]
[BlackElo "1818"]
[PlyCount "69"]
[EventDate "2002.10.05"]
[EventType "swiss"]
[EventRounds "6"]
[EventCountry "ITA"]
[SourceTitle "EXT 2023"]
[Source "ChessBase"]
[SourceDate "2022.10.05"]
[SourceVersion "1"]
[SourceVersionDate "2022.10.05"]
[SourceQuality "1"]

1. e4 c5 2. Nf3 e6 3. d4 cxd4 4. Nxd4 Nc6 5. Nc3 a6 6. g3 Qc7 7. Bg2 d6 8. 0-0 Bd7 9. Be3 Be7 10. Nxc6 Bxc6 11. a4 Nf6 12. a5 Rc8 13. h3 0-0 14. f4 Nd7 15. f5 Ne5 16. Bd4 Nc4 17. f6 gxf6 18. Nd5 Bxd5 19. exd5 e5 20. Be4 Rfd8 21. Qh5 Kf8 22. Qxh7 Ke8 23. Bc3 Qc5+ 24. Kh2 Ne3 25. Rf3 f5 26. Rxf5 Nxf5 27. Qxf5 Bf8 28. Rf1 Rc7 29. h4 Qe3 30. Rf3 Qh6 31. Qh3 Bg7 32. Qf1 f6 33. Qf2 Rc4 34. Bd3 Rc5 35. Be4 1/2-1/2

[Event "Vicenza op 6th"]
[Site "Vicenza"]
[Date "2002.10.??"]
[Round "3"]
[White "Miatello, Alberto"]
[Black "Danieli, Enrico"]
[Result "1-0"]
[WhiteElo "1818"]
[BlackElo "2118"]
[PlyCount "99"]
[EventDate "2002.10.05"]
[EventType "swiss"]
[EventRounds "6"]
[EventCountry "ITA"]
[SourceTitle "EXT 2023"]
[Source "ChessBase"]
[SourceDate "2022.10.05"]
[SourceVersion "1"]
[SourceVersionDate "2022.10.05"]
[SourceQuality "1"]

1. e4 c6 2. d4 d5 3. e5 c5 4. dxc5 Nc6 5. Bb5 e6 6. Be3 Nge7 7. c3 Nf5 8. Bd4 Nfxd4 9. cxd4 Bd7 10. Bxc6 Bxc6 11. Nc3 b6 12. cxb6 Qxb6 13. Qd2 Rb8 14. Rb1 Bb4 15. a3 Bxc3 16. Qxc3 0-0 17. Ne2 Bb5 18. f3 Rfc8 19. Qd2 g6 20. Nc3 Rc4 21. Nxb5 Qxb5 22. 0-0 Qb6 23. Rfd1 Rbc8 24. b4 Rc2 25. Qf4 Qa6 26. b5 Qxa3 27. b6 axb6 28. Rxb6 Rc1 29. Rb1 R1c7 30. h4 h5 31. Kh2 Qe7 32. Kh3 Rc4 33. Rg1 Qa7 34. Rbd1 Rb8 35. g4 hxg4+ 36. Rxg4 Kh7 37. h5 Qe7 38. hxg6+ fxg6 39. Rh4+ Kg7 40. Rg1 Qf7 41. Rxg6+ Qxg6 42. Rg4 Qxg4+ 43. Qxg4+ Kf7 44. Qh5+ Ke7 45. Qh7+ Kd8 46. Qg8+ Kc7 47. Qf7+ Kd8 48. Qxe6 Rxd4 49. Qd6+ Kc8 50. e6 1-0